000 00379nam a2200145Ia 4500
008 260330s9999 xx 000 0 und d
020 _a9.7893560643e+012
082 _a658.4
_bROB/O
100 _aRobbins, Stephen P.
245 0 _aOrganizational Behavior
250 _a18th
260 _aNoida
_bPearson India Education Services Pvt Ltd
_c2024
300 _a796p.
942 _cBK
999 _c53595
_d53595